Statistics for Action Movie Stars Quiz

Click here to take the quiz!

General Stats

  • This quiz has been taken 29,690 times
    (9,626 since last reset)
  • The average score is 14 of 22

Answer Stats

Movie Action Star % Correct
Die HardBruce Willis
96%
The Bourne IdentityMatt Damon
90%
Raiders of the Lost ArkHarrison Ford
88%
Total Recall (1990)Arnold Schwarzenegger
86%
TakenLiam Neeson
84%
Enter the DragonBruce Lee
81%
Dirty HarryClint Eastwood
80%
Mad MaxMel Gibson
77%
First BloodSylvester Stallone
77%
xXxVin Diesel
75%
AliensSigourney Weaver
68%
SaltAngelina Jolie
67%
The TransporterJason Statham
64%
Once Upon a Time in ChinaJet Li
56%
Rumble in the BronxJackie Chan
54%
KickboxerJean-Claude Van Damme
53%
Walking Tall (2004)Dwayne Johnson
49%
Under SiegeSteven Seagal
47%
Escape from New YorkKurt Russell
46%
BullittSteve McQueen
43%
Lone Wolf McQuadeChuck Norris
32%
Masters of the UniverseDolph Lundgren
30%

Score Distribution

Percentile by Number Answered

Percent of People with Each Score

Your Score History

You have not taken this quiz since the last reset